Bologna FC Squad 2025-2026 - Statistics

General Stats
  • This quiz has been taken 201 times
    101 since last reset
  • The average score is 25 of 31
Answer Stats
# Position Nation Player % Correct
1 GK Poland Łukasz Skorupski
97%
9 FW Argentina Santiago Castro
95%
19 MF Scotland Lewis Ferguson
93%
8 MF Switzerland Remo Freuler
93%
7 FW Italy Riccardo Orsolini
93%
- Coach Italy Vincenzo Italiano
93%
26 DF Colombia Jhon Lucumí
92%
33 DF Spain Juan Miranda
92%
13 GK Italy Federico Ravaglia
90%
2 DF Sweden Emil Holm
87%
6 MF Croatia Nikola Moro
87%
30 FW Argentina Benja Domínguez
85%
11 FW England Jonathan Rowe
85%
24 FW Netherlands Thijs Dallinga
85%
10 FW Italy Federico Bernardeschi
83%
80 MF Italy Giovanni Fabbian
83%
14 DF Norway Torbjørn Heggem
83%
22 DF Greece Charalampos Lykogiannis
80%
21 MF Denmark Jens Odgaard
80%
17 MF Portugal João Mário
80%
28 FW Italy Nicolò Cambiaghi
80%
41 DF Czech Republic Martin Vitík
77%
29 DF Italy Lorenzo De Silvestri
75%
17 FW Italy Ciro Immobile
73%
23 MF Switzerland Simon Sohm
73%
4 MF Italy Tommaso Pobega
70%
25 GK Italy Massimo Pessina
67%
16 DF Italy Nicolò Casale
67%
77 MF Ghana Ibrahim Sulemana
63%
20 DF Italy Nadir Zortea
50%
5 DF Norway Eivind Helland
48%
No matching quizzes found
Score Distribution
Percent of People with Each Score
Percentile by Number Answered
Your Score History
You have not taken this quiz since the last reset